| 000 | 00421nam a22001697a 4500 | ||
|---|---|---|---|
| 001 | 2236 | ||
| 003 | DO-SdBNP | ||
| 005 | 20171213100252.0 | ||
| 008 | 171213b xxu||||| |||| 00| 0 spa d | ||
| 020 | _a8481301507 | ||
| 040 |
_aBPMSU _bspa _cBPMSU |
||
| 100 | 1 | _aCarroll, Lewis | |
| 245 | 1 | 0 | _aAlicia en el paĆs de las maravillas / |
| 260 |
_aMadrid : _c1999 |
||
| 942 |
_2ddc _cBK |
||
| 945 | _ainventariado extranjero / DG | ||
| 999 |
_c8681 _d8681 |
||